All Balkan cities over 100,000 population with map - Statistics

General Stats
  • This quiz has been taken 354 times
    305 since last reset
  • The average score is 24 of 35
Answers on the Map
Answers color-coded by a green-red scale on the quiz's map according to % correct below.
 
Answer Stats
Country Population Answer % Correct
Serbia 1,166,763 Belgrade
99%
Bulgaria 1,221,785 Sofia
99%
Croatia 665,774 Zagreb
99%
Greece 3,168,846 Athens
98%
Bosnia and Herzegovina 348,363 Sarajevo
97%
Turkey 15,113,808 Istanbul
96%
Albania 418,495 Tirana
96%
Slovenia 285,604 Ljubljana
95%
North Macedonia 512,000 Skopje
93%
Kosovo 145,149 Pristina
92%
Montenegro 150,977 Podgorica
91%
Greece 806,635 Thessaloniki
90%
Croatia 150,410 Split
86%
Bulgaria 332,394 Varna
80%
Serbia 183,164 Niš
79%
Bosnia and Herzegovina 135,059 Banja Luka
77%
Albania 113,249 Durrës
73%
Bulgaria 342,048 Plovdiv
72%
Croatia 108,622 Rijeka
72%
Italy 199,773 Trieste
72%
Greece 157,452 Heraklion
65%
Bulgaria 198,593 Burgas
63%
Romania 269,700 Constanta
62%
Turkey 172,802 Edirne
59%
Greece 195,265 Patras
57%
Serbia 150,835 Kragujevac
54%
Greece 144,651 Larissa
51%
Bulgaria 135,440 Ruse
50%
Bulgaria 125,732 Stara Zagora
38%
Turkey 288,692 Çorlu
34%
Turkey 174,685 Tekirdağ
30%
Turkey 119,460 Lüleburgaz
15%
Turkey 181,997 Silivri
13%
Turkey 125,461 Çerkezköy
10%
Turkey 111,457 Kapaklı
6%
No matching quizzes found
Score Distribution
Percent of People with Each Score
Percentile by Number Answered
Your Score History
You have not taken this quiz since the last reset